MW3 Maps - Statistics

General Stats
  • This quiz has been taken 229 times
  • The average score is 10 of 15
Answer Stats
Hint Answer % Correct
sea seatown
87%
hard hardhat
84%
resis resistance
84%
boot bootleg
83%
vill village
79%
lock lockdown
75%
do dome
73%
ark arkaden
65%
inter interchange
64%
under underground
63%
fall fallen
55%
down downtown
53%
baka bakaara
48%
out outpost
47%
car carboon
7%
No matching quizzes found
Score Distribution
Percent of People with Each Score
Percentile by Number Answered
Your Score History
You have not taken this quiz